|
|
|
|
| LEADER |
00751nam a22002532a 4500 |
| 001 |
000902673 |
| 003 |
CZ BrMZK |
| 005 |
20080627220407.0 |
| 007 |
ta |
| 008 |
080627s1981 xo a er|||||||||||slo d |
| 020 |
|
|
|q (Viaz.) :
|c Kčs 10,00
|
| 040 |
|
|
|a ABA001
|b cze
|c ABA001
|d ABA001
|
| 080 |
9 |
|
|a 885.4-14
|
| 100 |
1 |
|
|a Hevier, Daniel,
|d 1955-
|7 jn20000602926
|
| 245 |
1 |
0 |
|a Nonstop /
|c Daniel Hevier ; il. Alexej Vojtášek
|
| 250 |
|
|
|a 1. vyd.
|
| 260 |
|
|
|a Bratislava :
|b Smena,
|c 1981
|
| 300 |
|
|
|a 73 s. :
|b il. ;
|c 8°
|
| 490 |
1 |
|
|a Mladá tvorba ;
|v zv. 160
|
| 830 |
|
0 |
|a Mladá tvorba
|
| 910 |
|
|
|a BOA001
|b 1-0842.184
|
| 990 |
|
|
|a BK
|
| 991 |
|
|
|b 200806
|
| 996 |
7 |
|
|b 2619582978
|c 1-0842.184
|l MZK
|r Sklad / do 1 hodiny
|n 0
|w 001066881
|u 000010
|a 1
|e BOA001
|j MZK50
|s A
|